000 00645nam a22001817a 4500
020 _qHard Cover.
082 _a621.3
100 _aJamil, Ahmed Rashid ; Abeer Abid,Hafiz M.
245 _aRF Signal transmission employing Free Space Optics /
_cAhmed Jamil Rashid ; Hafiz M. Abeer Abid.
260 _aIslamabd :
_bSEECS - NUST,
_c2019.
300 _a50 p. : ill. ;
_c30cm.
563 _aHBK.
650 _aElectrical Engineering-Project Report.
_930780
700 _aDr. Salman Ghafoor
_930789
856 _uhttp://10.250.8.41:8080/xmlui/handle/123456789/28694
942 _2ddc
_cPR
999 _c535917
_d535917